Sekundární trh cenných papírů.

Vyhodnotenie výsledkov ročnej práce s cennými papiermi v ČSFR. Podmienky prijatia emisií podnikových obligácií pre obchodovanie na dočasnom sekundárnom trhu. Metódy obchodovania, stanovenia tržnej ceny. Prehľad výsledkov obchodovania na dočasnom sekundárnom trhu od jeho zahájenia.

Gespeichert in:
Bibliographische Detailangaben
1. Verfasser: Budík, Jan
Format: Buchkapitel
Sprache:Tschechisch
Schlagworte:
Tags: Tag hinzufügen
Keine Tags, Fügen Sie das erste Tag hinzu!

MARC

LEADER 00000naa a2200000 4500
001 r010949
005 20220831090343.0
041 0 |a cze 
044 |a [CS] 
245 1 0 |a Sekundární trh cenných papírů.  |c J. Budík 
520 |a Vyhodnotenie výsledkov ročnej práce s cennými papiermi v ČSFR. Podmienky prijatia emisií podnikových obligácií pre obchodovanie na dočasnom sekundárnom trhu. Metódy obchodovania, stanovenia tržnej ceny. Prehľad výsledkov obchodovania na dočasnom sekundárnom trhu od jeho zahájenia. 
610 2 0 |a papiere cenné 
610 2 0 |a trh kapitálový 
610 2 0 |a ČSFR 
610 2 0 |a 1990-1991 
610 2 0 |a obligácie 
610 2 0 |a banky obchodné 
610 2 0 |a ceny 
610 2 0 |a burzy 
610 2 0 |a IPF 
100 1 |a Budík, Jan